Comuni della Provincia di Latina (con mappa) - Statistics

Statistiche generali
  • Questo quiz è stato fatto 26 volte
  • Il punteggio medio è 21 su 33
Risposte nella Mappa
Le risposte nella mappa del quiz sottostante sono codificate secondo una scala di colori dal rosso al verde in base alla % di persone che hanno risposto correttamente.
 
Statistiche sulle risposte
Risposta % Corretto
Aprilia
100%
Formia
94%
Gaeta
94%
Latina
94%
San Felice Circeo
94%
Sabaudia
88%
Sperlonga
88%
Ventotene
82%
Minturno
76%
Ponza
76%
Terracina
76%
Fondi
71%
Itri
71%
Sezze
71%
Pontinia
65%
Cisterna di Latina
59%
Priverno
59%
Campodimele
53%
Monte San Biagio
53%
Bassiano
47%
Cori
47%
Lenola
47%
Maenza
47%
Roccagorga
47%
Sermoneta
47%
Sonnino
47%
Castelforte
41%
Norma
41%
Rocca Massima
41%
Roccasecca dei Volsci
41%
Santi Cosma e Damiano
41%
Spigno Saturnia
35%
Prossedi
29%
Nessun quiz corrispondente trovato
Distribuzione punteggi
Percentuale di utenti per punteggio
Percentile per numero di risposta
I tuoi punteggi nel tempo
Non hai fatto questo quiz